[Event "Geller Memorial op-A 7th"]
[Site "Odessa"]
[Date "2011.08.22"]
[Round "3"]
[White "Matjushin, Oleg"]
[Black "Sivuk, Vitaly"]
[Result "1-0"]
[WhiteElo "2146"]
[BlackElo "2422"]
[PlyCount "69"]
[EventDate "2011.08.20"]
[EventType "swiss"]
[EventRounds "9"]
[EventCountry "UKR"]
[SourceTitle "EXT 2014"]
[Source "ChessBase"]
[SourceDate "2013.11.20"]
[SourceVersion "1"]
[SourceVersionDate "2013.11.20"]
[SourceQuality "1"]

1. d4 f5 2. g3 Nf6 3. Bg2 g6 4. Nf3 Bg7 5. b3 0-0 6. Bb2 d6 7. 0-0 Qe8 8. Nbd2 Nc6 9. Re1 e5 10. e4 f4 11. d5 Nd8 12. gxf4 Nh5 13. fxe5 Nf4 14. Bh1 Bg4 15. Nc4 Nh3+ 16. Kf1 b5 17. exd6 bxc4 18. Bxg7 Kxg7 19. dxc7 Nf7 20. Qd4+ Kg8 21. Re3 Nd6 22. bxc4 Bxf3 23. Rxf3 Qd7 24. c5 Rxf3 25. Bxf3 Ng5 26. Bg2 Nb5 27. Qe3 Qxc7 28. Qxg5 Qxc5 29. Qe3 Qc4+ 30. Kg1 Nd4 31. Qd3 Qc5 32. c3 Nb5 33. Qe3 Qe7 34. e5 Rf8 35. c4 1-0

[Event "Zaporozhye Ermak Cup 7th"]
[Site "Zaporozhye"]
[Date "2011.06.30"]
[Round "8"]
[White "Matjushin, Oleg"]
[Black "Budnikov, Oleg"]
[Result "0-1"]
[WhiteElo "2146"]
[BlackElo "2435"]
[PlyCount "108"]
[EventDate "2011.06.25"]
[EventType "swiss"]
[EventRounds "9"]
[EventCountry "UKR"]
[SourceTitle "CBM 143 Extra"]
[Source "ChessBase"]
[SourceDate "2011.08.29"]
[SourceVersion "1"]
[SourceVersionDate "2011.08.29"]
[SourceQuality "1"]

1. d4 g6 2. e4 Bg7 3. Nc3 d6 4. Nf3 a6 5. a4 Nf6 6. Be2 0-0 7. 0-0 Nc6 8. h3 Re8 9. Bg5 h6 10. Be3 e5 11. dxe5 Nxe5 12. Nxe5 Rxe5 13. f4 Re8 14. Bf3 Bd7 15. Bd4 c5 16. Bf2 Bc6 17. Re1 Qc7 18. Qd3 Rad8 19. Rad1 Qb8 20. b3 b5 21. axb5 axb5 22. Nd5 Nxd5 23. exd5 Bd7 24. Be4 b4 25. Qf3 f5 26. Bd3 Bc3 27. Rxe8+ Rxe8 28. Kh2 Qd8 29. Rg1 Qf6 30. Kh1 Kg7 31. Rf1 Qf7 32. Bh4 Bc8 33. Bb5 Re4 34. Bd3 Re8 35. Bb5 Re4 36. Bd3 Qxd5 37. Bxe4 fxe4 38. Qe2 Qc6 39. Rd1 d5 40. Be1 Bf6 41. Bf2 h5 42. Rg1 d4 43. Qe1 Kh7 44. Bh4 Bg7 45. Bg5 e3 46. Kh2 Qa6 47. g4 hxg4 48. hxg4 Qe6 49. Qh4+ Kg8 50. Bh6 g5 51. Bxg5 c4 52. f5 Be5+ 53. Kh3 Qd5 54. Bxe3 Qf3+ 0-1

[Event "Zaporozhye Ermak Cup 7th"]
[Site "Zaporozhye"]
[Date "2011.06.30"]
[Round "7"]
[White "Ozerov, Alexander"]
[Black "Matjushin, Oleg"]
[Result "0-1"]
[WhiteElo "2248"]
[BlackElo "2146"]
[PlyCount "41"]
[EventDate "2011.06.25"]
[EventType "swiss"]
[EventRounds "9"]
[EventCountry "UKR"]
[SourceTitle "CBM 143 Extra"]
[Source "ChessBase"]
[SourceDate "2011.08.29"]
[SourceVersion "1"]
[SourceVersionDate "2011.08.29"]
[SourceQuality "1"]

1. e4 c5 2. Nf3 e6 3. c3 d5 4. exd5 Qxd5 5. d4 Nf6 6. Be2 Qd8 7. 0-0 Nc6 8. a3 cxd4 9. cxd4 Be7 10. Nc3 0-0 11. Qa4 Qa5 12. Qb3 Qc7 13. Bg5 Rd8 14. Rac1 Nd5 15. Nxd5 Rxd5 16. Be3 Qd8 17. Rfd1 Bf6 18. Qc3 Ne7 19. Ne5 Rd6 20. Ng4 Nd5 21. Qd2 0-1

[Event "Zaporozhye Ermak Cup 7th"]
[Site "Zaporozhye"]
[Date "2011.06.27"]
[Round "4"]
[White "Matjushin, Oleg"]
[Black "Viktorov, Yaroslav"]
[Result "1-0"]
[WhiteElo "2146"]
[BlackElo "1913"]
[PlyCount "83"]
[EventDate "2011.06.25"]
[EventType "swiss"]
[EventRounds "9"]
[EventCountry "UKR"]
[SourceTitle "CBM 143 Extra"]
[Source "ChessBase"]
[SourceDate "2011.08.29"]
[SourceVersion "1"]
[SourceVersionDate "2011.08.29"]
[SourceQuality "1"]

1. d4 f5 2. h4 Nf6 3. h5 b6 4. Bf4 Bb7 5. e3 Nc6 6. Nf3 e6 7. a3 Ne4 8. Nbd2 Ne7 9. Bd3 Nd5 10. Bh2 Ndf6 11. Be5 Ng4 12. Bxe4 fxe4 13. Nh2 Nxe5 14. dxe5 Qg5 15. Ng4 0-0-0 16. Qe2 d5 17. 0-0-0 d4 18. exd4 Rxd4 19. Qe3 Qxe3 20. fxe3 Rd8 21. Rhf1 a5 22. Rf7 Bc5 23. Nb3 Rxd1+ 24. Kxd1 Rd8+ 25. Ke1 Bf8 26. Nd4 Bd5 27. Nb5 c5 28. Nc3 Bc6 29. Nf2 g6 30. Nfxe4 gxh5 31. Rxh7 b5 32. Ng5 Bxg2 33. Nxe6 Re8 34. Nxf8 Rxf8 35. Nxb5 Rf1+ 36. Kd2 Rf2+ 37. Kc3 Rxc2+ 38. Kd3 Rxb2 39. Nd6+ Kd8 40. e6 Rb3+ 41. Kc4 Rxe3 42. Rd7# 1-0

[Event "Donetsk Masters 1st"]
[Site "Donetsk"]
[Date "2011.02.27"]
[Round "4"]
[White "Mamedov, Ruslan"]
[Black "Matjushin, Oleg"]
[Result "1/2-1/2"]
[WhiteElo "2218"]
[BlackElo "2140"]
[PlyCount "31"]
[EventDate "2011.02.25"]
[EventType "tourn (rapid)"]
[EventRounds "13"]
[EventCountry "UKR"]
[EventCategory "1"]
[SourceTitle "CBM 141 Extra"]
[Source "ChessBase"]
[SourceDate "2011.05.03"]
[SourceVersion "1"]
[SourceVersionDate "2011.05.03"]
[SourceQuality "1"]

1. c4 e5 2. Nc3 Nc6 3. g3 g6 4. Bg2 Bg7 5. e3 Nge7 6. Nge2 0-0 7. 0-0 d6 8. Rb1 a5 9. a3 Bf5 10. d3 Qd7 11. Re1 Bh3 12. Bh1 Rae8 13. b4 axb4 14. axb4 Nd8 15. b5 c6 16. Bb2 1/2-1/2

[Event "Donetsk Masters 1st"]
[Site "Donetsk"]
[Date "2011.02.27"]
[Round "5"]
[White "Matjushin, Oleg"]
[Black "Budnikov, Oleg"]
[Result "1/2-1/2"]
[WhiteElo "2140"]
[BlackElo "2442"]
[PlyCount "40"]
[EventDate "2011.02.25"]
[EventType "tourn (rapid)"]
[EventRounds "13"]
[EventCountry "UKR"]
[EventCategory "1"]
[SourceTitle "CBM 141 Extra"]
[Source "ChessBase"]
[SourceDate "2011.05.03"]
[SourceVersion "1"]
[SourceVersionDate "2011.05.03"]
[SourceQuality "1"]

1. d4 Nf6 2. Nf3 e6 3. c4 Bb4+ 4. Bd2 Qe7 5. g3 Nc6 6. Nc3 d5 7. cxd5 exd5 8. Bg2 0-0 9. 0-0 Bg4 10. Bg5 Rad8 11. h3 Bh5 12. a3 Bxc3 13. bxc3 h6 14. Bf4 Ne4 15. Qb3 b6 16. a4 Rfe8 17. Ra2 Na5 18. Qa3 c5 19. g4 Bg6 20. Ne5 Nc4 1/2-1/2

[Event "Zaporozhye Ermak Cup 6th"]
[Site "Zaporozhye"]
[Date "2010.06.27"]
[Round "7"]
[White "Bytchek, Vladislav"]
[Black "Matjushin, Oleg"]
[Result "1/2-1/2"]
[WhiteElo "2221"]
[BlackElo "2168"]
[PlyCount "30"]
[EventDate "2010.06.23"]
[EventType "swiss"]
[EventRounds "9"]
[EventCountry "UKR"]
[SourceTitle "CBM 137 Extra"]
[Source "ChessBase"]
[SourceDate "2010.09.01"]
[SourceVersion "1"]
[SourceVersionDate "2010.09.01"]
[SourceQuality "1"]

1. Nf3 d5 2. c4 c6 3. b3 Nf6 4. g3 g6 5. Bb2 Bg7 6. Bg2 0-0 7. 0-0 Nbd7 8. d3 b6 9. Nbd2 Bb7 10. Qc2 Rc8 11. Rac1 c5 12. cxd5 Bxd5 13. Qb1 Ba8 14. Qa1 Ne8 15. Bxg7 Nxg7 1/2-1/2

[Event "Zaporozhye Ermak Cup 6th"]
[Site "Zaporozhye"]
[Date "2010.06.24"]
[Round "3"]
[White "Matjushin, Oleg"]
[Black "Ivanov, Oleg V"]
[Result "0-1"]
[WhiteElo "2168"]
[BlackElo "2491"]
[PlyCount "70"]
[EventDate "2010.06.23"]
[EventType "swiss"]
[EventRounds "9"]
[EventCountry "UKR"]
[SourceTitle "CBM 137 Extra"]
[Source "ChessBase"]
[SourceDate "2010.09.01"]
[SourceVersion "1"]
[SourceVersionDate "2010.09.01"]
[SourceQuality "1"]

1. Nf3 d5 2. d4 Nf6 3. c4 c6 4. Qb3 g6 5. Nc3 Bg7 6. Bf4 0-0 7. e3 Qa5 8. Nd2 Nbd7 9. cxd5 Nxd5 10. Nxd5 cxd5 11. Qb5 Qxb5 12. Bxb5 e5 13. dxe5 Nxe5 14. 0-0 a6 15. Be2 Nc6 16. Rad1 Bxb2 17. Nb3 Be6 18. Bf3 Rfd8 19. Nc5 b5 20. Nb7 Rdc8 21. Bxd5 Bxd5 22. Rxd5 Nb4 23. Rd7 Rc2 24. Rfd1 Nxa2 25. e4 Nc3 26. Rd8+ Rxd8 27. Rxd8+ Kg7 28. Be5+ f6 29. Rd7+ Kg8 30. Rd8+ Kf7 31. Rd7+ Ke6 32. Nc5+ Kxe5 33. Nd3+ Kxe4 34. g4 Nd5 35. Ne1 Rc1 0-1

[Event "UKR-ch"]
[Site "Alushta"]
[Date "2010.05.11"]
[Round "9"]
[White "Matjushin, Oleg"]
[Black "Petrova, Irina"]
[Result "1/2-1/2"]
[WhiteElo "2168"]
[BlackElo "2013"]
[PlyCount "43"]
[EventDate "2010.05.03"]
[EventType "swiss"]
[EventRounds "9"]
[EventCountry "UKR"]
[SourceTitle "CBM 136 Extra"]
[Source "ChessBase"]
[SourceDate "2010.07.02"]
[SourceVersion "2"]
[SourceVersionDate "2010.07.15"]
[SourceQuality "1"]

1. d4 Nf6 2. c4 g6 3. Nc3 Bg7 4. e4 d6 5. Be2 0-0 6. Bg5 c5 7. d5 h6 8. Be3 a6 9. h3 e6 10. Qd2 exd5 11. exd5 Kh7 12. Nf3 Re8 13. 0-0 Nbd7 14. Rfe1 Nf8 15. Bf4 Bf5 16. Bd3 Bxd3 17. Qxd3 Qd7 18. Rab1 Kh8 19. Qd2 g5 20. Bh2 Ng6 21. Rxe8+ Rxe8 22. Re1 1/2-1/2

[Event "UKR-ch"]
[Site "Alushta"]
[Date "2010.05.03"]
[Round "1"]
[White "Matjushin, Oleg"]
[Black "Matjushin, Gennady"]
[Result "0-1"]
[WhiteElo "2168"]
[BlackElo "2473"]
[PlyCount "52"]
[EventDate "2010.05.03"]
[EventType "swiss"]
[EventRounds "9"]
[EventCountry "UKR"]
[SourceTitle "CBM 136 Extra"]
[Source "ChessBase"]
[SourceDate "2010.07.02"]
[SourceVersion "2"]
[SourceVersionDate "2010.07.15"]
[SourceQuality "1"]

1. e4 c6 2. d3 d5 3. Nd2 Nf6 4. Ngf3 Bg4 5. h3 Bh5 6. c3 e6 7. Qb3 Qc7 8. e5 Nfd7 9. d4 c5 10. Bb5 Nc6 11. 0-0 Be7 12. Re1 0-0 13. a4 cxd4 14. cxd4 Nb4 15. Bxd7 Qxd7 16. Nf1 Bxf3 17. gxf3 f6 18. Bf4 Nc6 19. Rad1 Rf7 20. Bg3 Raf8 21. f4 Bd8 22. f5 fxe5 23. fxe6 Qxe6 24. dxe5 Bb6 25. Qxd5 Qxd5 26. Rxd5 Rxf2 0-1

[Event "Poltava op"]
[Site "Poltava"]
[Date "2009.12.07"]
[Round "4"]
[White "Alexikov, Alexander"]
[Black "Matjushin, Oleg"]
[Result "1-0"]
[WhiteElo "2371"]
[BlackElo "2209"]
[PlyCount "111"]
[EventDate "2009.12.04"]
[EventType "swiss"]
[EventRounds "9"]
[EventCountry "UKR"]
[SourceTitle "CBM 133 Extra"]
[Source "ChessBase"]
[SourceDate "2010.01.05"]
[SourceVersion "1"]
[SourceVersionDate "2010.01.05"]
[SourceQuality "1"]

1. e4 c5 2. Nf3 Nc6 3. d4 cxd4 4. Nxd4 Nf6 5. Nc3 e5 6. Ndb5 d6 7. Bg5 a6 8. Na3 b5 9. Nd5 Be7 10. Bxf6 Bxf6 11. c3 0-0 12. Nc2 Bg5 13. a4 Rb8 14. h4 Bh6 15. g4 Bf4 16. axb5 axb5 17. Qf3 Be6 18. Bd3 Bxd5 19. exd5 Ne7 20. h5 f5 21. gxf5 Nxf5 22. Qg4 Nh6 23. Qe2 Qg5 24. Be4 Rf7 25. Kd1 Ng4 26. Bf3 Nf6 27. Nb4 Rbf8 28. Kc2 Qf5+ 29. Kb3 Nd7 30. Ra5 Nc5+ 31. Ka3 Bg5 32. Bg4 Qxf2 33. Rd1 Qxe2 34. Bxe2 e4 35. Nc6 Rf2 36. Bxb5 e3 37. Nd4 Rd8 38. Ra7 Bh4 39. Ra5 Rff8 40. b4 Ne4 41. Kb3 g5 42. hxg6 hxg6 43. Rg1 g5 44. Bd3 Nf2 45. Be2 Nh3 46. Rga1 Nf4 47. Bg4 Rde8 48. R1a2 Be1 49. b5 Kh7 50. Kc4 Rb8 51. Ra7+ Kh8 52. Nc6 Rb6 53. R7a6 Rb7 54. b6 Bxc3 55. Ra8 Kg7 56. R2a7 1-0

[Event "UKR-ch"]
[Site "Alushta"]
[Date "2009.05.17"]
[Round "7"]
[White "Filin, Stas"]
[Black "Matjushin, Oleg"]
[Result "0-1"]
[WhiteElo "2070"]
[BlackElo "2222"]
[PlyCount "84"]
[EventDate "2009.05.11"]
[EventType "swiss"]
[EventRounds "9"]
[EventCountry "UKR"]
[SourceTitle "CBM 130 Extra"]
[Source "ChessBase"]
[SourceDate "2009.07.02"]
[SourceVersion "2"]
[SourceVersionDate "2009.07.15"]
[SourceQuality "1"]

1. e4 c5 2. Nf3 e6 3. c3 d5 4. e5 d4 5. cxd4 cxd4 6. Qa4+ Nc6 7. Bb5 Bd7 8. 0-0 Bc5 9. Qc2 Qb6 10. Ba4 Nge7 11. a3 Ng6 12. b4 Be7 13. Bb2 Ngxe5 14. Bxc6 Nxc6 15. b5 Qxb5 16. Nxd4 Nxd4 17. Bxd4 0-0 18. Nc3 Qc6 19. Qd3 Rfd8 20. Qg3 f6 21. Rac1 e5 22. Be3 Qe6 23. Rce1 Qg4 24. Nd5 Bd6 25. Qxg4 Bxg4 26. Rc1 Rd7 27. Nc3 b6 28. h3 Bf5 29. g4 Bd3 30. Nd5 Rad8 31. Rc3 Be4 32. Nb4 Kf7 33. Rfc1 Bb7 34. R1c2 g6 35. h4 h5 36. g5 f5 37. d3 f4 38. Bc1 Bc5 39. Re2 a5 40. Nc2 Rxd3 41. Rxd3 Rxd3 42. Rxe5 Rc3 0-1

[Event "UKR-ch"]
[Site "Alushta"]
[Date "2009.05.16"]
[Round "6"]
[White "Muhtarov, Leonid"]
[Black "Matjushin, Oleg"]
[Result "1-0"]
[WhiteElo "2115"]
[BlackElo "2222"]
[PlyCount "85"]
[EventDate "2009.05.11"]
[EventType "swiss"]
[EventRounds "9"]
[EventCountry "UKR"]
[SourceTitle "CBM 130 Extra"]
[Source "ChessBase"]
[SourceDate "2009.07.02"]
[SourceVersion "2"]
[SourceVersionDate "2009.07.15"]
[SourceQuality "1"]

1. Nf3 g6 2. g3 Bg7 3. d4 d5 4. Bg2 Nf6 5. c4 c6 6. cxd5 cxd5 7. Ne5 0-0 8. Nc3 Nc6 9. Nxc6 bxc6 10. 0-0 Ba6 11. Bf4 Nd7 12. Qd2 Qb6 13. Rfd1 Rfc8 14. Rac1 e6 15. e4 Bb5 16. Nxb5 Qxb5 17. Rc3 a5 18. Rdc1 Qb7 19. Bd6 Nb6 20. Rb3 a4 21. Rb4 Qd7 22. Bc5 Nc4 23. Qc2 Bf8 24. Bxf8 Kxf8 25. Rxa4 Rab8 26. b3 Nd6 27. Qc5 Kg7 28. Ra7 Qd8 29. e5 Nb7 30. Qb4 c5 31. dxc5 Nxc5 32. Qf4 Nd7 33. Rxc8 Rxc8 34. Bxd5 Rc7 35. Ra8 Qe7 36. Bf3 Qc5 37. h4 Nxe5 38. Kg2 Nd3 39. Qd2 Rd7 40. h5 e5 41. h6+ Kf6 42. Ra6+ Rd6 43. Qxd3 1-0

[Event "Mariupol op"]
[Site "Mariupol"]
[Date "2003.07.19"]
[Round "9"]
[White "Demkovich, Anatoliy"]
[Black "Matjushin, Oleg"]
[Result "1-0"]
[WhiteElo "2422"]
[BlackElo "2200"]
[PlyCount "95"]
[EventDate "2003.07.11"]
[EventType "swiss"]
[EventRounds "10"]
[EventCountry "UKR"]
[SourceTitle "CBM 095 Extra"]
[Source "ChessBase"]
[SourceDate "2003.09.04"]
[SourceVersion "1"]
[SourceVersionDate "2003.09.04"]
[SourceQuality "1"]

1. e4 c5 2. c3 Nf6 3. e5 Nd5 4. g3 d6 5. exd6 e6 6. Bg2 Nc6 7. Nf3 Bxd6 8. 0-0 0-0 9. d4 cxd4 10. Nxd4 Bd7 11. c4 Nf6 12. Nc3 Nxd4 13. Qxd4 Bc6 14. Rd1 Bxg2 15. Kxg2 Be7 16. Qf4 Qb6 17. b3 Rfd8 18. Be3 Qc6+ 19. Qf3 Qxf3+ 20. Kxf3 a6 21. Bb6 Rxd1 22. Rxd1 Kf8 23. Na4 Rc8 24. Ke2 Ke8 25. f3 Nd7 26. Bd4 f6 27. c5 Rc6 28. b4 Bd8 29. Be3 Rc8 30. Rc1 Nb8 31. Nb2 Nc6 32. Nd3 Bc7 33. a4 Ne5 34. Nxe5 Bxe5 35. f4 Bb8 36. b5 axb5 37. axb5 e5 38. f5 Rd8 39. Ra1 g6 40. g4 Kd7 41. Kf3 h5 42. Rd1+ Ke7 43. Rxd8 hxg4+ 44. Kxg4 gxf5+ 45. Kxf5 Kxd8 46. Kxf6 Ke8 47. h4 Kf8 48. h5 1-0

[Event "Kharkov Caissa op"]
[Site "Kharkov"]
[Date "2003.01.29"]
[Round "8"]
[White "Doibani, Lilia"]
[Black "Matjushin, Oleg"]
[Result "0-1"]
[WhiteElo "2017"]
[BlackElo "2200"]
[PlyCount "100"]
[EventDate "2003.01.21"]
[EventType "swiss"]
[EventRounds "9"]
[EventCountry "UKR"]
[SourceTitle "CBM 092 Extra"]
[Source "ChessBase"]
[SourceDate "2003.03.07"]
[SourceVersion "1"]
[SourceVersionDate "2003.03.07"]
[SourceQuality "1"]

1. e4 c5 2. Nf3 Nc6 3. d4 cxd4 4. Nxd4 Nf6 5. Nc3 e6 6. a3 d5 7. exd5 Nxd5 8. Nxc6 bxc6 9. Ne4 Bb7 10. Bd3 Be7 11. 0-0 0-0 12. Qh5 f5 13. Ng5 Bxg5 14. Bxg5 Qe8 15. Qh3 Qg6 16. f4 e5 17. c4 Nb6 18. Rf3 e4 19. Rg3 Rf7 20. Be2 Qe6 21. Rf1 c5 22. Rd1 Raf8 23. Bh5 Rc7 24. Be2 Rd7 25. Bh6 Rff7 26. Qh5 Rxd1+ 27. Bxd1 Nd7 28. Qg5 Qf6 29. Qxf6 Nxf6 30. b4 Rd7 31. Ba4 Rc7 32. bxc5 e3 33. Bg5 Ng4 34. Bd1 h6 35. Bh4 Rxc5 36. Bxg4 fxg4 37. Rxe3 Rxc4 38. Re8+ Kh7 39. Re7 Rc1+ 40. Kf2 Rc2+ 41. Ke3 Bxg2 42. Rxa7 Kg6 43. a4 Bf3 44. Bg3 Ra2 45. Ra6+ Kf5 46. Ra5+ Ke6 47. Ra6+ Kd5 48. a5 Kc4 49. f5 Re2+ 50. Kf4 Re4# 0-1

[Event "Kharkov Caissa op"]
[Site "Kharkov"]
[Date "2003.01.23"]
[Round "3"]
[White "Matjushin, Oleg"]
[Black "Simantsev, Mikhail"]
[Result "0-1"]
[WhiteElo "2200"]
[BlackElo "2402"]
[PlyCount "80"]
[EventDate "2003.01.21"]
[EventType "swiss"]
[EventRounds "9"]
[EventCountry "UKR"]
[SourceTitle "CBM 092 Extra"]
[Source "ChessBase"]
[SourceDate "2003.03.07"]
[SourceVersion "1"]
[SourceVersionDate "2003.03.07"]
[SourceQuality "1"]

1. d4 Nf6 2. Nf3 c5 3. d5 d6 4. Nc3 e6 5. e4 exd5 6. exd5 Be7 7. Be2 0-0 8. 0-0 Na6 9. h3 h6 10. Be3 Bf5 11. Qd2 Nb4 12. Rfc1 Na6 13. Rd1 Qd7 14. Bb5 Qc8 15. Bf1 Nc7 16. a4 Re8 17. Nh2 Qd7 18. f3 Bf8 19. Bf2 Rab8 20. Ng4 Be7 21. Ne3 Bg6 22. Nb5 a6 23. Nxc7 Qxc7 24. a5 Nh5 25. g3 Qd7 26. c3 f5 27. Ng2 Bh7 28. g4 fxg4 29. hxg4 Bg5 30. Ne3 Nf4 31. Re1 h5 32. Qd1 hxg4 33. fxg4 Re4 34. Qf3 Rf8 35. Qg3 Nh5 36. gxh5 Bxe3 37. Rxe3 Rg4 38. Bh3 Rxg3+ 39. Rxg3 Bf5 40. h6 Rf7 0-1

[Event "Kharkov Caissa op"]
[Site "Kharkov"]
[Date "2000.02.28"]
[Round "6"]
[White "Matjushin, Oleg"]
[Black "Kovalenko, Sergey D"]
[Result "1-0"]
[WhiteElo "2188"]
[BlackElo "2277"]
[PlyCount "80"]
[EventDate "2000.01.27"]
[EventType "swiss"]
[EventRounds "9"]
[EventCountry "UKR"]
[SourceTitle "EXT 2001"]
[Source "ChessBase"]
[SourceDate "2000.11.22"]
[SourceVersion "1"]
[SourceVersionDate "2000.11.22"]
[SourceQuality "1"]

1. d4 d5 2. c4 dxc4 3. Nf3 Nf6 4. e3 e6 5. Bxc4 c5 6. 0-0 Nc6 7. Qe2 cxd4 8. Rd1 Be7 9. exd4 0-0 10. Nc3 a6 11. a4 Nb4 12. Ne5 Nfd5 13. Ne4 Bd7 14. Be3 Rc8 15. Bb3 Bc6 16. Nxc6 Rxc6 17. h3 Qb6 18. a5 Qc7 19. Ba4 b5 20. axb6 Rxb6 21. Rdc1 Qa7 22. Bd2 Rbb8 23. Nc5 Rfc8 24. Bxb4 Nxb4 25. Nxe6 Bf6 26. Rxc8+ Rxc8 27. Qg4 Rb8 28. Nc5 Rd8 29. Rd1 Nd5 30. Bb3 h6 31. Bc4 Nb4 32. b3 a5 33. g3 Nc2 34. Ne4 Bxd4 35. Kg2 Qb6 36. Qf3 Qc7 37. Nc3 Nb4 38. Nb5 Qe5 39. Qxf7+ Kh7 40. Rxd4 Rxd4 1-0

[Event "Kharkov Caissa op"]
[Site "Kharkov"]
[Date "2000.01.27"]
[Round "1"]
[White "Matjushin, Oleg"]
[Black "Miroshnichenko, Evgenij"]
[Result "0-1"]
[WhiteElo "2188"]
[BlackElo "2465"]
[PlyCount "68"]
[EventDate "2000.01.27"]
[EventType "swiss"]
[EventRounds "9"]
[EventCountry "UKR"]
[SourceTitle "EXT 2001"]
[Source "ChessBase"]
[SourceDate "2000.11.22"]
[SourceVersion "1"]
[SourceVersionDate "2000.11.22"]
[SourceQuality "1"]

1. e4 c5 2. Nc3 Nc6 3. f4 g6 4. Nf3 Bg7 5. Bb5 Nd4 6. Nxd4 cxd4 7. Ne2 Nf6 8. Bd3 0-0 9. e5 Nd5 10. Be4 Qa5 11. c3 Nxf4 12. cxd4 Ne6 13. Bf3 d6 14. exd6 Nxd4 15. Nxd4 Bxd4 16. dxe7 Re8 17. Kf1 Bf5 18. g4 Bd3+ 19. Kg2 Rxe7 20. Re1 Rae8 21. Rxe7 Rxe7 22. a4 Qg5 23. Ra3 Bf5 24. h3 Qh4 25. Re3 Bxe3 26. dxe3 Rd7 27. Qg1 Be6 28. e4 h5 29. Qf2 Qxf2+ 30. Kxf2 hxg4 31. hxg4 Rc7 32. Be3 Rc2+ 33. Kg3 Rxb2 34. Bxa7 Ra2 0-1